[Event "2012 U.S. Women's Championship"]
[Site "Saint Louis, MO, USA"]
[Date "2012.05.12"]
[Round "4.4"]
[White "Foisor, Sabina"]
[Black "Kats, Alena"]
[Result "1-0"]
[LiveChessVersion "1.3.1"]
[BlackElo "2137"]
[WhiteElo "2364"]

1. d4 {[%clk 1:30:58]} d5 {[%clk 1:30:56]} 2. c4 {[%clk 1:31:25]} c6
{[%clk 1:31:22]} 3. Nc3 {[%clk 1:31:50]} Nf6 {[%clk 1:30:54]} 4. e3
{[%clk 1:32:10]} e6 {[%clk 1:30:54]} 5. Nf3 {[%clk 1:32:33]} Nbd7
{[%clk 1:31:17]} 6. Qc2 {[%clk 1:32:48]} Be7 {[%clk 1:30:35]} 7. g4
{[%clk 1:27:12]} Nxg4 {[%clk 1:05:13]} 8. Rg1 {[%clk 1:27:36]} h5
{[%clk 1:04:06]} 9. h3 {[%clk 1:27:01]} Nh6 {[%clk 1:01:17]} 10. Rxg7
{[%clk 1:17:01]} Bf8 {[%clk 0:46:49]} 11. Rg2 {[%clk 1:13:07]} b6
{[%clk 0:31:15]} 12. cxd5 {[%clk 0:58:14]} exd5 {[%clk 0:31:17]} 13. e4
{[%clk 0:51:24]} Nf6 {[%clk 0:21:25]} 14. e5 {[%clk 0:42:54]} Nfg8
{[%clk 0:19:38]} 15. Rg5 {[%clk 0:38:25]} Be6 {[%clk 0:19:13]} 16. Rxh5
{[%clk 0:35:32]} Qd7 {[%clk 0:17:13]} 17. Bg5 {[%clk 0:32:48]} Bf5
{[%clk 0:13:33]} 18. Qd2 {[%clk 0:29:15]} Qe6 {[%clk 0:14:02]} 19. Bd3
{[%clk 0:22:22]} f6 {[%clk 0:11:37]} 20. Bxf6 {[%clk 0:16:14]} Nxf6
{[%clk 0:06:00]} 21. Bxf5 {[%clk 0:16:37]} Nxf5 {[%clk 0:04:10]} 22. Rxh8
{[%clk 0:17:03]} O-O-O {[%clk 0:04:16]} 23. Ng5 {[%clk 0:15:22]} Qe7
{[%clk 0:04:33]} 24. Qf4 {[%clk 0:14:36]} Nxd4 {[%clk 0:02:54]} 25. Qxd4
{[%clk 0:14:13]} Nd7 {[%clk 0:02:57]} 26. f4 {[%clk 0:13:48]} Bg7
{[%clk 0:02:40]} 27. Rxd8+ {[%clk 0:13:42]} Kxd8 {[%clk 0:03:02]} 28. Nf3
{[%clk 0:13:19]} 1-0

[Event "2012 U.S. Women's Championship"]
[Site "Saint Louis, MO, USA"]
[Date "2012.05.12"]
[Round "4.5"]
[White "Abrahamyan, Tatev"]
[Black "Baginskaite, Camilla"]
[Result "1-0"]
[LiveChessVersion "1.3.1"]
[BlackElo "2358"]
[WhiteElo "2329"]

1. e4 {[%clk 1:30:57]} e5 {[%clk 1:30:50]} 2. Nf3 {[%clk 1:31:05]} Nc6
{[%clk 1:31:05]} 3. Bc4 {[%clk 1:31:24]} Bc5 {[%clk 1:30:23]} 4. O-O
{[%clk 1:31:39]} Nf6 {[%clk 1:29:54]} 5. d3 {[%clk 1:31:01]} d6 {[%clk 1:26:30]}
6. c3 {[%clk 1:30:37]} a6 {[%clk 1:26:25]} 7. Bb3 {[%clk 1:30:27]} Ba7
{[%clk 1:26:19]} 8. Nbd2 {[%clk 1:27:59]} O-O {[%clk 1:24:07]} 9. h3
{[%clk 1:27:23]} Re8 {[%clk 1:02:35]} 10. Re1 {[%clk 1:25:27]} Be6
{[%clk 0:59:44]} 11. Bc2 {[%clk 1:20:48]} h6 {[%clk 0:55:50]} 12. Nf1
{[%clk 1:20:56]} d5 {[%clk 0:52:04]} 13. Qe2 {[%clk 1:14:46]} Qd7
{[%clk 0:38:48]} 14. Ng3 {[%clk 1:12:16]} Rad8 {[%clk 0:35:21]} 15. Kh2
{[%clk 1:10:49]} Bc5 {[%clk 0:27:30]} 16. Nh4 {[%clk 1:06:30]} Bf8
{[%clk 0:27:49]} 17. Qf3 {[%clk 1:04:11]} d4 {[%clk 0:20:55]} 18. Ngf5
{[%clk 0:43:58]} Nh7 {[%clk 0:20:35]} 19. Bd2 {[%clk 0:17:54]} Kh8
{[%clk 0:17:09]} 20. g4 {[%clk 0:15:21]} Ng5 {[%clk 0:16:50]} 21. Qg3
{[%clk 0:13:47]} g6 {[%clk 0:17:03]} 22. cxd4 {[%clk 0:10:40]} exd4
{[%clk 0:16:37]} 23. f4 {[%clk 0:10:27]} Nh7 {[%clk 0:16:03]} 24. Rg1
{[%clk 0:09:06]} Bb4 {[%clk 0:07:57]} 25. Rad1 {[%clk 0:06:01]} Bxd2
{[%clk 0:07:13]} 26. Rxd2 {[%clk 0:06:27]} Bxf5 {[%clk 0:05:14]} 27. gxf5
{[%clk 0:06:45]} g5 {[%clk 0:04:52]} 28. Nf3 {[%clk 0:05:32]} Rg8
{[%clk 0:03:45]} 29. Rdg2 {[%clk 0:05:44]} Ne7 {[%clk 0:03:32]} 30. Ne5
{[%clk 0:04:53]} Qe8 {[%clk 0:03:21]} 31. Bb3 {[%clk 0:05:02]} Rg7
{[%clk 0:03:29]} 32. fxg5 {[%clk 0:03:55]} hxg5 {[%clk 0:03:40]} 33. f6
{[%clk 0:03:31]} Nxf6 {[%clk 0:03:48]} 34. Qf3 {[%clk 0:03:31]} Ng6
{[%clk 0:01:59]} 35. Rxg5 {[%clk 0:02:20]} Nxe5 {[%clk 0:00:54]} 36. Qxf6
{[%clk 0:02:24]} Ng6 {[%clk 0:00:58]} 37. Rh5+ {[%clk 0:02:28]} Kg8
{[%clk 0:01:22]} 38. Rxg6 {[%clk 0:02:51]} 1-0

[Event "2012 U.S. Women's Championship"]
[Site "Saint Louis, MO, USA"]
[Date "2012.05.13"]
[Round "5.1"]
[White "Zatonskih, Anna"]
[Black "Ni, Viktorija"]
[Result "1/2-1/2"]
[LiveChessVersion "1.3.1"]
[BlackElo "2228"]
[WhiteElo "2510"]

1. e4 {[%clk 1:30:56]} c5 {[%clk 1:30:59]} 2. Nf3 {[%clk 1:31:18]} e6
{[%clk 1:31:23]} 3. d4 {[%clk 1:31:44]} cxd4 {[%clk 1:31:46]} 4. Nxd4
{[%clk 1:32:08]} a6 {[%clk 1:32:13]} 5. c4 {[%clk 1:30:56]} Nf6 {[%clk 1:31:59]}
6. Nc3 {[%clk 1:31:19]} Bb4 {[%clk 1:30:06]} 7. Qd3 {[%clk 1:29:44]} d5
{[%clk 1:27:12]} 8. Nc2 {[%clk 1:00:49]} Bxc3+ {[%clk 1:11:26]} 9. Qxc3
{[%clk 1:00:58]} dxe4 {[%clk 1:08:53]} 10. Bf4 {[%clk 1:00:25]} O-O
{[%clk 1:07:17]} 11. Rd1 {[%clk 1:00:23]} Nbd7 {[%clk 1:06:02]} 12. Bd6
{[%clk 0:59:14]} Re8 {[%clk 1:05:12]} 13. Be2 {[%clk 0:58:58]} b5
{[%clk 1:00:15]} 14. c5 {[%clk 0:49:01]} Nd5 {[%clk 0:57:25]} 15. Qd2
{[%clk 0:49:22]} Bb7 {[%clk 0:52:33]} 16. O-O {[%clk 0:48:01]} Rc8
{[%clk 0:47:22]} 17. b4 {[%clk 0:47:18]} N7f6 {[%clk 0:43:36]} 18. Qd4
{[%clk 0:36:28]} Qd7 {[%clk 0:36:29]} 19. Rfe1 {[%clk 0:31:59]} Red8
{[%clk 0:29:42]} 20. Be5 {[%clk 0:27:11]} Qe7 {[%clk 0:28:08]} 21. Qb2
{[%clk 0:24:15]} Ne8 {[%clk 0:26:21]} 22. Bf1 {[%clk 0:21:07]} f6
{[%clk 0:21:00]} 23. Bg3 {[%clk 0:21:26]} f5 {[%clk 0:21:03]} 24. Be5
{[%clk 0:21:45]} Nef6 {[%clk 0:20:16]} 25. Bd6 {[%clk 0:18:05]} Qf7
{[%clk 0:20:13]} 26. g3 {[%clk 0:17:03]} f4 {[%clk 0:18:39]} 27. Bh3
{[%clk 0:14:11]} g5 {[%clk 0:16:09]} 28. Qe5 {[%clk 0:12:48]} g4 {[%clk 0:16:23]}
29. Bg2 {[%clk 0:11:52]} f3 {[%clk 0:15:40]} 30. Bf1 {[%clk 0:12:16]} Re8
{[%clk 0:13:16]} 31. Ra1 {[%clk 0:11:42]} Qg6 {[%clk 0:12:56]} 32. a4
{[%clk 0:11:31]} Bc6 {[%clk 0:11:16]} 33. Nd4 {[%clk 0:04:10]} 1/2-1/2

[Event "2012 U.S. Women's Championship"]
[Site "Saint Louis, MO, USA"]
[Date "2012.05.13"]
[Round "5.2"]
[White "Krush, Irina"]
[Black "Abrahamyan, Tatev"]
[Result "1-0"]
[LiveChessVersion "1.3.1"]
[BlackElo "2329"]
[WhiteElo "2457"]

1. d4 {[%clk 1:30:56]} Nf6 {[%clk 1:30:53]} 2. Nf3 {[%clk 1:31:12]} g6
{[%clk 1:31:12]} 3. c4 {[%clk 1:31:18]} Bg7 {[%clk 1:31:38]} 4. Nc3
{[%clk 1:31:36]} O-O {[%clk 1:31:53]} 5. g3 {[%clk 1:31:05]} d6 {[%clk 1:29:26]}
6. Bg2 {[%clk 1:31:00]} Nc6 {[%clk 1:29:29]} 7. O-O {[%clk 1:31:09]} a6
{[%clk 1:29:05]} 8. Bf4 {[%clk 1:31:13]} Rb8 {[%clk 1:18:50]} 9. c5
{[%clk 1:31:02]} b5 {[%clk 1:05:56]} 10. cxb6 {[%clk 1:30:50]} Rxb6
{[%clk 1:02:45]} 11. Rc1 {[%clk 1:30:41]} Bd7 {[%clk 1:00:58]} 12. Qd2
{[%clk 1:22:09]} e6 {[%clk 0:54:15]} 13. e4 {[%clk 1:18:51]} Ne7 {[%clk 0:50:50]}
14. b3 {[%clk 1:13:47]} Bc6 {[%clk 0:42:30]} 15. Rfe1 {[%clk 1:05:58]} Qa8
{[%clk 0:31:19]} 16. Qc2 {[%clk 0:48:27]} Nd7 {[%clk 0:20:33]} 17. d5
{[%clk 0:33:22]} exd5 {[%clk 0:13:09]} 18. exd5 {[%clk 0:32:58]} Nxd5
{[%clk 0:13:06]} 19. Nxd5 {[%clk 0:33:20]} Bxd5 {[%clk 0:13:34]} 20. Qxc7
{[%clk 0:32:45]} Bxf3 {[%clk 0:07:33]} 21. Bxf3 {[%clk 0:32:36]} Qxf3
{[%clk 0:08:00]} 22. Qxd7 {[%clk 0:32:54]} Bd4 {[%clk 0:06:12]} 23. Rc2
{[%clk 0:30:02]} Bc3 {[%clk 0:04:18]} 24. Rec1 {[%clk 0:21:40]} Be5
{[%clk 0:04:15]} 25. Bh6 {[%clk 0:21:03]} Bg7 {[%clk 0:04:25]} 26. Be3
{[%clk 0:21:16]} Rbb8 {[%clk 0:02:48]} 27. Qxd6 {[%clk 0:17:48]} Rbd8
{[%clk 0:02:50]} 28. Qc6 {[%clk 0:17:36]} Qg4 {[%clk 0:02:28]} 29. Kg2
{[%clk 0:14:01]} a5 {[%clk 0:02:25]} 30. h3 {[%clk 0:14:07]} Qf5 {[%clk 0:02:31]}
31. Rc5 {[%clk 0:13:00]} Qd3 {[%clk 0:01:59]} 32. Rxa5 {[%clk 0:13:16]} Rd6
{[%clk 0:01:08]} 33. Qc4 {[%clk 0:13:07]} 1-0

[Event "2012 U.S. Women's Championship"]
[Site "Saint Louis, MO, USA"]
[Date "2012.05.13"]
[Round "5.3"]
[White "Kats, Alena"]
[Black "Melekhina, Alisa"]
[Result "0-1"]
[LiveChessVersion "1.3.1"]
[BlackElo "2244"]
[WhiteElo "2137"]

1. e4 {[%clk 1:30:58]} d6 {[%clk 1:30:37]} 2. d4 {[%clk 1:31:07]} Nf6
{[%clk 1:30:46]} 3. Bd3 {[%clk 1:28:09]} e5 {[%clk 1:30:23]} 4. c3
{[%clk 1:24:51]} Nc6 {[%clk 1:29:53]} 5. Ne2 {[%clk 1:23:01]} g6 {[%clk 1:29:43]}
6. Na3 {[%clk 1:16:37]} Bg7 {[%clk 1:28:06]} 7. d5 {[%clk 1:12:15]} Ne7
{[%clk 1:26:58]} 8. O-O {[%clk 1:10:10]} O-O {[%clk 1:26:42]} 9. c4
{[%clk 0:56:06]} c5 {[%clk 1:21:50]} 10. Bd2 {[%clk 0:53:26]} Ne8
{[%clk 1:17:20]} 11. Rb1 {[%clk 0:48:07]} f5 {[%clk 1:15:08]} 12. f4
{[%clk 0:43:15]} fxe4 {[%clk 1:11:04]} 13. Bxe4 {[%clk 0:43:38]} Nf5
{[%clk 1:04:17]} 14. Nc2 {[%clk 0:36:41]} Nf6 {[%clk 0:58:11]} 15. Bxf5
{[%clk 0:36:49]} Bxf5 {[%clk 0:57:07]} 16. fxe5 {[%clk 0:32:16]} dxe5
{[%clk 0:50:01]} 17. Be3 {[%clk 0:30:01]} b6 {[%clk 0:41:25]} 18. h3
{[%clk 0:22:24]} Qc8 {[%clk 0:40:42]} 19. Kh2 {[%clk 0:18:45]} Qa6
{[%clk 0:39:29]} 20. Na3 {[%clk 0:11:13]} Bxb1 {[%clk 0:39:12]} 21. Qxb1
{[%clk 0:11:42]} Nxd5 {[%clk 0:35:35]} 22. cxd5 {[%clk 0:11:55]} Qxe2
{[%clk 0:35:29]} 23. Re1 {[%clk 0:12:19]} Qa6 {[%clk 0:32:09]} 24. Qe4
{[%clk 0:11:39]} Rad8 {[%clk 0:27:04]} 25. Bg5 {[%clk 0:10:11]} Rd7
{[%clk 0:26:41]} 26. Nc4 {[%clk 0:06:48]} Rf5 {[%clk 0:23:35]} 27. h4
{[%clk 0:06:22]} Qb7 {[%clk 0:17:31]} 28. Ne3 {[%clk 0:06:11]} Rf8
{[%clk 0:16:55]} 29. h5 {[%clk 0:05:41]} gxh5 {[%clk 0:15:30]} 30. g3
{[%clk 0:04:06]} Rf2+ {[%clk 0:13:15]} 31. Kg1 {[%clk 0:04:14]} Rxb2
{[%clk 0:11:29]} 32. Rf1 {[%clk 0:04:01]} Rb4 {[%clk 0:11:20]} 33. Qf5
{[%clk 0:02:53]} Rd6 {[%clk 0:08:11]} 34. Kh2 {[%clk 0:01:41]} Qd7
{[%clk 0:07:28]} 35. Qf3 {[%clk 0:01:59]} h6 {[%clk 0:06:04]} 36. Bh4
{[%clk 0:02:21]} Rb2+ {[%clk 0:03:11]} 37. Kg1 {[%clk 0:02:33]} Qh3
{[%clk 0:02:49]} 38. Rf2 {[%clk 0:02:43]} Rb1+ {[%clk 0:02:43]} 39. Nf1
{[%clk 0:01:56]} Qd7 {[%clk 0:02:18]} 40. Kh2 {[%clk 0:30:37]} Rxd5
{[%clk 0:31:37]} 41. Ne3 {[%clk 0:28:32]} Rd4 {[%clk 0:26:28]} 42. Nf5
{[%clk 0:23:32]} e4 {[%clk 0:19:52]} 43. Qe3 {[%clk 0:11:50]} Rdd1
{[%clk 0:15:50]} 44. Qxe4 {[%clk 0:11:45]} Rh1+ {[%clk 0:15:00]} 45. Kg2
{[%clk 0:11:08]} Rhg1+ {[%clk 0:12:16]} 46. Kh2 {[%clk 0:11:33]} Rh1+
{[%clk 0:11:58]} 47. Kg2 {[%clk 0:11:54]} Rbg1+ {[%clk 0:11:50]} 48. Kf3
{[%clk 0:12:21]} Qd1+ {[%clk 0:11:05]} 49. Re2 {[%clk 0:07:37]} Rf1+
{[%clk 0:08:18]} 50. Kg2 {[%clk 0:08:06]} Rhg1+ {[%clk 0:04:38]} 51. Kh2
{[%clk 0:08:16]} Rxf5 {[%clk 0:03:57]} 52. Qxf5 {[%clk 0:08:39]} Qxe2+
{[%clk 0:04:14]} 53. Kxg1 {[%clk 0:09:08]} Bd4+ {[%clk 0:04:38]} 54. Kh1
{[%clk 0:09:34]} Qe1+ {[%clk 0:04:39]} 55. Kg2 {[%clk 0:09:56]} Qg1+
{[%clk 0:04:57]} 56. Kf3 {[%clk 0:10:16]} Qf2+ {[%clk 0:04:23]} 57. Ke4
{[%clk 0:10:45]} Qc2+ {[%clk 0:03:35]} 58. Kf4 {[%clk 0:11:13]} Be3+
{[%clk 0:02:41]} 59. Ke5 {[%clk 0:11:39]} Qxf5+ {[%clk 0:02:30]} 60. Kxf5
{[%clk 0:12:08]} Bg5 {[%clk 0:02:19]} 0-1

[Event "2012 U.S. Women's Championship"]
[Site "Saint Louis, MO, USA"]
[Date "2012.05.13"]
[Round "5.4"]
[White "Baginskaite, Camilla"]
[Black "Foisor, Sabina"]
[Result "1/2-1/2"]
[LiveChessVersion "1.3.1"]
[BlackElo "2364"]
[WhiteElo "2358"]

1. d4 {[%clk 1:30:56]} g6 {[%clk 1:30:49]} 2. Nf3 {[%clk 1:30:17]} Bg7
{[%clk 1:31:16]} 3. c4 {[%clk 1:30:22]} d6 {[%clk 1:31:40]} 4. g3
{[%clk 1:22:29]} Nd7 {[%clk 1:32:05]} 5. Bg2 {[%clk 1:22:32]} e5 {[%clk 1:32:24]}
6. O-O {[%clk 1:22:17]} Ne7 {[%clk 1:31:30]} 7. Nc3 {[%clk 1:19:05]} O-O
{[%clk 1:31:44]} 8. e4 {[%clk 1:18:58]} exd4 {[%clk 1:31:53]} 9. Nxd4
{[%clk 1:19:17]} a6 {[%clk 1:31:09]} 10. a4 {[%clk 0:51:25]} Ne5 {[%clk 1:19:58]}
11. b3 {[%clk 0:50:11]} N7c6 {[%clk 1:19:43]} 12. Nde2 {[%clk 0:36:44]} Nb4
{[%clk 1:11:22]} 13. a5 {[%clk 0:33:53]} Rb8 {[%clk 0:59:56]} 14. Ba3
{[%clk 0:30:11]} Nbc6 {[%clk 0:53:55]} 15. c5 {[%clk 0:29:01]} dxc5
{[%clk 0:44:06]} 16. Bxc5 {[%clk 0:29:24]} Re8 {[%clk 0:44:32]} 17. Ra2
{[%clk 0:29:25]} Qxd1 {[%clk 0:33:23]} 18. Rxd1 {[%clk 0:29:38]} Bg4
{[%clk 0:29:25]} 19. h3 {[%clk 0:13:10]} Bxe2 {[%clk 0:27:47]} 20. Nxe2
{[%clk 0:11:14]} Rbd8 {[%clk 0:27:06]} 21. Rd5 {[%clk 0:11:20]} Nd3
{[%clk 0:26:05]} 22. Be3 {[%clk 0:07:08]} Ncb4 {[%clk 0:22:49]} 23. Rxd8
{[%clk 0:07:11]} Rxd8 {[%clk 0:23:15]} 24. Rd2 {[%clk 0:06:29]} Re8
{[%clk 0:17:56]} 25. Nf4 {[%clk 0:03:53]} Ne1 {[%clk 0:15:47]} 26. Nd5
{[%clk 0:02:32]} Nxg2 {[%clk 0:14:24]} 27. Kxg2 {[%clk 0:02:54]} Nxd5
{[%clk 0:13:08]} 28. Rxd5 {[%clk 0:03:23]} h5 {[%clk 0:11:36]} 29. Rd7
{[%clk 0:02:47]} Rxe4 {[%clk 0:09:13]} 30. Rxc7 {[%clk 0:03:16]} Rb4
{[%clk 0:09:20]} 31. Rc8+ {[%clk 0:02:48]} Kh7 {[%clk 0:09:45]} 32. Rc7
{[%clk 0:03:15]} Kg8 {[%clk 0:09:37]} 33. Rc8+ {[%clk 0:03:41]} Kh7
{[%clk 0:10:03]} 34. Rc7 {[%clk 0:04:07]} 1/2-1/2

[Event "2012 U.S. Women's Championship"]
[Site "Saint Louis, MO, USA"]
[Date "2012.05.13"]
[Round "5.5"]
[White "Goletiani, Rusudan"]
[Black "Zenyuk, Iryna"]
[Result "1-0"]
[LiveChessVersion "1.3.1"]
[BlackElo "2224"]
[WhiteElo "2333"]

1. c4 {[%clk 1:30:50]} g6 {[%clk 1:30:46]} 2. g3 {[%clk 1:31:12]} Bg7
{[%clk 1:31:02]} 3. Bg2 {[%clk 1:31:39]} d6 {[%clk 1:31:10]} 4. Nc3
{[%clk 1:31:57]} Nf6 {[%clk 1:29:58]} 5. Nf3 {[%clk 1:29:52]} e5 {[%clk 1:28:13]}
6. d3 {[%clk 1:30:11]} Nc6 {[%clk 1:28:20]} 7. Bg5 {[%clk 1:29:59]} h6
{[%clk 1:27:38]} 8. Bxf6 {[%clk 1:30:23]} Bxf6 {[%clk 1:28:03]} 9. O-O
{[%clk 1:29:31]} O-O {[%clk 1:28:16]} 10. Rb1 {[%clk 1:29:39]} a5
{[%clk 1:28:21]} 11. a3 {[%clk 1:28:18]} Bg7 {[%clk 1:28:40]} 12. b4
{[%clk 1:21:20]} axb4 {[%clk 1:28:47]} 13. axb4 {[%clk 1:21:49]} Ne7
{[%clk 1:28:45]} 14. Qc2 {[%clk 1:16:18]} c6 {[%clk 1:26:11]} 15. Nd2
{[%clk 1:14:29]} d5 {[%clk 1:21:45]} 16. Rfd1 {[%clk 1:03:34]} Be6
{[%clk 1:14:08]} 17. Nb3 {[%clk 1:01:10]} Nf5 {[%clk 1:04:39]} 18. Nc5
{[%clk 0:56:16]} Nd4 {[%clk 1:04:08]} 19. Qb2 {[%clk 0:48:53]} Ra7
{[%clk 0:47:22]} 20. e3 {[%clk 0:43:27]} Nf5 {[%clk 0:47:22]} 21. cxd5
{[%clk 0:42:06]} cxd5 {[%clk 0:45:47]} 22. e4 {[%clk 0:38:02]} dxe4
{[%clk 0:38:12]} 23. Nxe6 {[%clk 0:29:46]} fxe6 {[%clk 0:38:37]} 24. Bxe4
{[%clk 0:29:14]} Qb6 {[%clk 0:33:27]} 25. Ra1 {[%clk 0:25:13]} Rfa8
{[%clk 0:26:19]} 26. Rxa7 {[%clk 0:25:30]} Rxa7 {[%clk 0:26:44]} 27. Ne2
{[%clk 0:20:57]} Ra4 {[%clk 0:23:23]} 28. Rb1 {[%clk 0:21:04]} Kh7
{[%clk 0:17:44]} 29. Kg2 {[%clk 0:20:07]} Nd4 {[%clk 0:14:18]} 30. Nxd4
{[%clk 0:18:55]} exd4 {[%clk 0:12:15]} 31. h4 {[%clk 0:15:34]} Qb5
{[%clk 0:09:02]} 32. Qb3 {[%clk 0:13:25]} Ra6 {[%clk 0:09:06]} 33. Qc2
{[%clk 0:10:10]} Rd6 {[%clk 0:06:10]} 34. Qc7 {[%clk 0:06:06]} Rd7
{[%clk 0:06:19]} 35. Qc8 {[%clk 0:06:22]} Re7 {[%clk 0:05:22]} 36. Ra1
{[%clk 0:03:12]} Qd7 {[%clk 0:02:24]} 37. Qc5 {[%clk 0:03:10]} Kg8
{[%clk 0:01:30]} 38. Ra8+ {[%clk 0:01:55]} Bf8 {[%clk 0:01:25]} 39. Qe5
{[%clk 0:01:08]} Rg7 {[%clk 0:01:01]} 40. Rb8 {[%clk 0:30:44]} b5
{[%clk 0:30:40]} 41. Qf6 {[%clk 0:23:43]} Qd6 {[%clk 0:16:52]} 42. Rd8
{[%clk 0:22:30]} Qe7 {[%clk 0:10:17]} 43. Qxd4 {[%clk 0:22:43]} h5
{[%clk 0:08:49]} 44. Rb8 {[%clk 0:20:33]} g5 {[%clk 0:08:59]} 45. hxg5
{[%clk 0:15:31]} Qxg5 {[%clk 0:07:41]} 46. Qc5 {[%clk 0:13:28]} Qxc5
{[%clk 0:04:37]} 47. bxc5 {[%clk 0:13:56]} Rc7 {[%clk 0:03:47]} 48. c6
{[%clk 0:14:13]} b4 {[%clk 0:04:16]} 49. Kh3 {[%clk 0:12:09]} Kg7
{[%clk 0:04:32]} 50. Rb5 {[%clk 0:12:24]} Bd6 {[%clk 0:02:37]} 51. Rxh5
{[%clk 0:10:24]} Kf6 {[%clk 0:02:34]} 52. Rb5 {[%clk 0:10:31]} Ra7
{[%clk 0:01:51]} 53. Kg4 {[%clk 0:05:50]} Ra1 {[%clk 0:02:02]} 54. Rb7
{[%clk 0:05:54]} Rb1 {[%clk 0:01:49]} 55. Rd7 {[%clk 0:05:53]} b3
{[%clk 0:00:40]} 56. Rxd6 {[%clk 0:05:45]} b2 {[%clk 0:00:53]} 57. c7
{[%clk 0:06:00]} Rc1 {[%clk 0:00:40]} 58. Rb6 {[%clk 0:06:17]} 1-0

[Event "2012 U.S. Women's Championship"]
[Site "Saint Louis, MO, USA"]
[Date "2012.05.15"]
[Round "6.3"]
[White "Krush, Irina"]
[Black "Goletiani, Rusudan"]
[Result "1/2-1/2"]
[LiveChessVersion "1.3.1"]
[BlackElo "2333"]
[WhiteElo "2457"]

1. d4 {[%clk 1:30:56]} Nf6 {[%clk 1:30:50]} 2. Nf3 {[%clk 1:31:11]} c5
{[%clk 1:29:58]} 3. d5 {[%clk 1:31:16]} d6 {[%clk 1:29:50]} 4. Nc3
{[%clk 1:28:37]} e5 {[%clk 1:23:50]} 5. e4 {[%clk 1:24:09]} Be7 {[%clk 1:23:34]}
6. h3 {[%clk 1:19:32]} h5 {[%clk 1:19:40]} 7. g3 {[%clk 1:16:11]} Nbd7
{[%clk 1:18:11]} 8. Be2 {[%clk 1:13:54]} Nf8 {[%clk 1:12:48]} 9. Kf1
{[%clk 1:09:41]} Ng6 {[%clk 1:08:57]} 10. h4 {[%clk 1:09:49]} Ng4
{[%clk 1:04:23]} 11. Ng5 {[%clk 1:06:36]} Nf8 {[%clk 0:58:03]} 12. f3
{[%clk 1:03:41]} Nh6 {[%clk 0:57:24]} 13. Be3 {[%clk 0:55:31]} a6
{[%clk 0:54:27]} 14. a4 {[%clk 0:54:38]} f6 {[%clk 0:51:25]} 15. Nh3
{[%clk 0:55:00]} g5 {[%clk 0:51:16]} 16. Qd2 {[%clk 0:46:36]} Nf7
{[%clk 0:50:16]} 17. Nf2 {[%clk 0:45:07]} gxh4 {[%clk 0:47:12]} 18. Rxh4
{[%clk 0:42:03]} f5 {[%clk 0:46:38]} 19. Rh1 {[%clk 0:41:24]} h4 {[%clk 0:43:00]}
20. exf5 {[%clk 0:41:47]} hxg3 {[%clk 0:42:56]} 21. Rxh8 {[%clk 0:42:07]} Nxh8
{[%clk 0:43:04]} 22. Nfe4 {[%clk 0:41:22]} Bxf5 {[%clk 0:40:52]} 23. Nxg3
{[%clk 0:40:20]} Qd7 {[%clk 0:33:30]} 24. Kf2 {[%clk 0:38:18]} Nfg6
{[%clk 0:26:37]} 25. Rh1 {[%clk 0:34:13]} O-O-O {[%clk 0:25:12]} 26. Nxf5
{[%clk 0:29:31]} Qxf5 {[%clk 0:25:37]} 27. Qd3 {[%clk 0:29:53]} Qf7
{[%clk 0:23:19]} 28. Qe4 {[%clk 0:28:54]} Rf8 {[%clk 0:21:38]} 29. Bf1
{[%clk 0:11:24]} Nh4 {[%clk 0:19:58]} 30. Bh3+ {[%clk 0:11:41]} Kb8
{[%clk 0:18:31]} 31. Bg4 {[%clk 0:11:33]} Qf6 {[%clk 0:16:26]} 32. b4
{[%clk 0:06:21]} cxb4 {[%clk 0:10:37]} 33. Ne2 {[%clk 0:05:35]} a5
{[%clk 0:06:09]} 34. c3 {[%clk 0:05:27]} Qg6 {[%clk 0:04:55]} 35. Qc4
{[%clk 0:02:04]} Nxf3 {[%clk 0:02:05]} 36. Bxf3 {[%clk 0:02:03]} Qf5
{[%clk 0:02:13]} 37. Ng1 {[%clk 0:01:04]} Ng6 {[%clk 0:01:56]} 38. Ke1
{[%clk 0:00:48]} Qb1+ {[%clk 0:01:50]} 39. Bd1 {[%clk 0:01:09]} Rc8
{[%clk 0:01:26]} 40. Qb5 {[%clk 0:30:33]} Qe4 {[%clk 0:30:50]} 41. Qb6
{[%clk 0:23:19]} Rc5 {[%clk 0:17:05]} 42. Rh3 {[%clk 0:20:33]} bxc3
{[%clk 0:16:53]} 43. Bc2 {[%clk 0:06:08]} Qxc2 {[%clk 0:14:37]} 44. Bxc5
{[%clk 0:06:31]} dxc5 {[%clk 0:13:45]} 45. Ne2 {[%clk 0:01:09]} c4
{[%clk 0:06:06]} 46. d6 {[%clk 0:00:58]} Qd2+ {[%clk 0:05:30]} 47. Kf1
{[%clk 0:00:41]} Qd1+ {[%clk 0:05:16]} 48. Kf2 {[%clk 0:01:06]} Bxd6
{[%clk 0:02:51]} 49. Qd8+ {[%clk 0:01:12]} Ka7 {[%clk 0:03:20]} 50. Qxa5+
{[%clk 0:01:34]} Kb8 {[%clk 0:03:48]} 51. Qd8+ {[%clk 0:00:56]} 1/2-1/2

[Event "2012 U.S. Women's Championship"]
[Site "Saint Louis, MO, USA"]
[Date "2012.05.15"]
[Round "6.4"]
[White "Zenyuk, Iryna"]
[Black "Zatonskih, Anna"]
[Result "0-1"]
[LiveChessVersion "1.3.1"]
[BlackElo "2510"]
[WhiteElo "2224"]

1. d4 {[%clk 1:30:57]} Nf6 {[%clk 1:30:55]} 2. c4 {[%clk 1:31:17]} e6
{[%clk 1:31:19]} 3. Nc3 {[%clk 1:30:56]} Bb4 {[%clk 1:31:43]} 4. e3
{[%clk 1:31:14]} O-O {[%clk 1:29:47]} 5. Bd3 {[%clk 1:25:24]} d5 {[%clk 1:29:56]}
6. Nf3 {[%clk 1:24:51]} c5 {[%clk 1:26:53]} 7. O-O {[%clk 1:24:41]} Nc6
{[%clk 1:19:59]} 8. a3 {[%clk 1:24:26]} Bxc3 {[%clk 1:20:24]} 9. bxc3
{[%clk 1:24:49]} dxc4 {[%clk 1:20:52]} 10. Bxc4 {[%clk 1:25:10]} Qc7
{[%clk 1:20:43]} 11. Bb2 {[%clk 1:23:12]} b6 {[%clk 1:08:43]} 12. Qe2
{[%clk 1:16:30]} e5 {[%clk 0:57:28]} 13. h3 {[%clk 1:08:00]} e4 {[%clk 0:51:21]}
14. Nd2 {[%clk 1:02:21]} Bb7 {[%clk 0:49:53]} 15. a4 {[%clk 0:52:16]} Rfe8
{[%clk 0:39:15]} 16. Rfd1 {[%clk 0:47:00]} Na5 {[%clk 0:34:40]} 17. Ba2
{[%clk 0:30:44]} Bc6 {[%clk 0:23:35]} 18. Bb1 {[%clk 0:30:56]} Qd7
{[%clk 0:17:47]} 19. Bc2 {[%clk 0:31:05]} cxd4 {[%clk 0:18:12]} 20. cxd4
{[%clk 0:30:57]} Bd5 {[%clk 0:18:13]} 21. Rdc1 {[%clk 0:24:44]} Rac8
{[%clk 0:18:34]} 22. Bd1 {[%clk 0:24:36]} Rxc1 {[%clk 0:17:51]} 23. Rxc1
{[%clk 0:24:53]} Rc8 {[%clk 0:17:34]} 24. Rxc8+ {[%clk 0:23:55]} Qxc8
{[%clk 0:18:02]} 25. Qb5 {[%clk 0:21:28]} h6 {[%clk 0:17:52]} 26. Qb4
{[%clk 0:20:36]} Qd7 {[%clk 0:16:12]} 27. Ba3 {[%clk 0:19:28]} Qc8
{[%clk 0:12:56]} 28. Qb2 {[%clk 0:16:28]} Qc6 {[%clk 0:08:46]} 29. Be7
{[%clk 0:07:34]} Ne8 {[%clk 0:08:30]} 30. Bb4 {[%clk 0:07:50]} Nc4
{[%clk 0:07:26]} 31. Nxc4 {[%clk 0:08:03]} Bxc4 {[%clk 0:07:06]} 32. Qc3
{[%clk 0:06:12]} Qd5 {[%clk 0:06:02]} 33. Bc2 {[%clk 0:04:22]} f5
{[%clk 0:05:50]} 34. Ba3 {[%clk 0:04:18]} Kh7 {[%clk 0:04:24]} 35. Qb4
{[%clk 0:04:14]} Nf6 {[%clk 0:04:22]} 36. Qd6 {[%clk 0:02:52]} Qxd6
{[%clk 0:03:18]} 37. Bxd6 {[%clk 0:03:20]} Nd5 {[%clk 0:02:46]} 38. g4
{[%clk 0:03:22]} g6 {[%clk 0:03:04]} 39. gxf5 {[%clk 0:03:41]} gxf5
{[%clk 0:03:33]} 40. Kg2 {[%clk 0:31:16]} a6 {[%clk 0:32:42]} 41. Bf4
{[%clk 0:20:39]} Nxf4+ {[%clk 0:28:24]} 42. exf4 {[%clk 0:21:06]} Kg6
{[%clk 0:28:43]} 43. d5 {[%clk 0:12:20]} Bxd5 {[%clk 0:20:57]} 44. Kf1
{[%clk 0:12:47]} Bc4+ {[%clk 0:13:57]} 45. Ke1 {[%clk 0:13:02]} Kh5
{[%clk 0:13:41]} 46. Kd2 {[%clk 0:04:27]} Kh4 {[%clk 0:14:00]} 47. Kc3
{[%clk 0:03:18]} Be6 {[%clk 0:07:00]} 48. Kd4 {[%clk 0:02:04]} Kxh3
{[%clk 0:06:35]} 49. Bd1 {[%clk 0:02:04]} Kg2 {[%clk 0:06:16]} 50. Ke3
{[%clk 0:02:22]} b5 {[%clk 0:05:20]} 51. axb5 {[%clk 0:02:48]} axb5
{[%clk 0:05:46]} 52. f3 {[%clk 0:02:46]} exf3 {[%clk 0:06:00]} 53. Bxf3+
{[%clk 0:03:09]} Kg3 {[%clk 0:06:27]} 0-1